01628nam a2200349 i 4500001001000000003000900010005001700019007000300036008004100039040003000080049000900110082002300119100003300142245004600175264009300221300004500314336002700359337003300386338002800419490001500447500007000462504004100532650005800573650008300631830002100714942001400735952011900749952011300868952011800981952016201099999001701261000021114DO-SdBNP20241001085526.0ta100831s1988 dr a 000 0 spa d aDO-SdBNPbspacBNPHUerda aBNPD a917.293bD632c2221 aDobal, Carloseautor.92632210aComo pudo ser la Isabela /cCarlos Dobal. aSantiago, de los Caballeros :bPontificia Universidad Católica Madre y maestra,c1988. a165 páginas :bilustraciones ;c26 cm. ardacontentbtexto2txt ardamediabsin mediación2n brdacarrier0volumen2nc1 aDocumentos aIncluye datos biográficos del autor en la solapa de la cubierta aIncluye referencias bibliográficas 4aRepública DominicanaxDescripciones y viajes986658 4vRepública DominicanaxHistoria, Descubrimiento y conquista,*1492-1503986659 0aDocumentos91047 2ddccLBS1 0010718DSaGRbGRcCTd2011-03-04iLF1l0oxxx D632cp21114-30r2020-06-25te. 3w2020-06-25yLFDSZNo se presta 0010718PDaPDbPDcCTd2010-08-31iLF1l0oxxx D632cp21114-10r2020-06-25w2020-06-25yLFPDZNo se presta 0010718PDaPDbPDcCTd2010-08-31iLF1l0oxxx D632cp21114-20r2020-06-25te.2w2020-06-25yLFPDZNo se presta 00102ddc56708DSaBNPHUbBNPHUcCTd2024-10-01edonaciónl0oBNPHU DS 917.293 D632cp2024-5485r2024-10-01te.4w2024-10-01yLBS1zEmilio Cordero Michel c20616d20616